Online
Catalog

Diccionario bíblico / (Record no. 18820)

MARC details
000 -CABECERA
campo de control de longitud fija 00754nam a2200241 a 4500
001 - NÚMERO DE CONTROL
campo de control 000019302
005 - FECHA Y HORA DE LA ÚLTIMA TRANSACCIÓN
campo de control 20200929165957.0
008 - DATOS DE LONGITUD FIJA--INFORMACIÓN GENERAL
campo de control de longitud fija 100601s2000 sp 000 0 spa d
020 ## - NÚMERO INTERNACIONAL ESTÁNDAR DEL LIBRO
Número Internacional Estándar del Libro 8430545794
040 ## - FUENTE DE LA CATALOGACIÓN
Centro catalogador/agencia de origen DO-SdBNP
Lengua de catalogación spa
Centro/agencia transcriptor BNPHU
082 ## - NÚMERO DE LA CLASIFICACIÓN DECIMAL DEWEY
Número de clasificación R 220.3
Número de documento/Ítem B171d
049 ## - FONDOS LOCALES (OCLC)
Fondos de biblioteca BNPD
100 1# - ENTRADA PRINCIPAL--NOMBRE DE PERSONA
Nombre de persona Balasch Blanch, Enric
9 (RLIN) 41511
245 10 - MENCIÓN DE TÍTULO
Título Diccionario bíblico /
Mención de responsabilidad, etc. Enric Balasch Blanch, Yolada Ruiz Arranz.
260 ## - PUBLICACIÓN, DISTRIBUCIÓN, ETC.
Lugar de publicación, distribución, etc. Madrid :
Nombre del editor, distribuidor, etc. Tikal Ediciones,
Fecha de publicación, distribución, etc. [2000?].
300 ## - DESCRIPCIÓN FÍSICA
Extensión 359 p. ;
Dimensiones 22 cm.
490 1# - MENCIÓN DE SERIE
Mención de serie El gran libro de ...
504 ## - NOTA DE BIBLIOGRAFÍA, ETC.
Nota de bibliografía, etc. Bibliografía : p. 357-359
650 #4 - PUNTO DE ACCESO ADICIONAL DE MATERIA--TÉRMINO DE MATERIA
Término de materia o nombre geográfico como elemento de entrada Biblia
Subdivisión de forma DICCIONARIOS
Subdivisión general Español
9 (RLIN) 41512
700 1# - PUNTO DE ACCESO ADICIONAL--NOMBRE DE PERSONA
Nombre de persona Ruiz, Yolanda
9 (RLIN) 41513
830 #3 - PUNTO DE ACCESO ADICIONAL DE SERIE-TÍTULO UNIFORME
Título uniforme El gran libro de ...
9 (RLIN) 41514
910 ## - DATOS DE OPCIÓN DEL USUARIO (OCLC)
Datos de opción del usuario Validado. Control de calidad BNPHU
Holdings
Estado de retiro Estado de pérdida Restricciones de uso No para préstamo Código de colección Localización permanente Ubicación/localización actual Ubicación en estantería Fecha de adquisición Número de inventario Total de préstamos Signatura topográfica completa Código de barras Fecha visto por última vez Precio válido a partir de Tipo de ítem Koha
        Referencia General General Biblioteca Nacional Pedro Henríquez Ureña Depósito 01.06.2010 LF1   R220.3 B171d 19302-10 25.06.2020 25.06.2020 Préstamo en sala

Powered by Koha